<?xml version="1.0" encoding="UTF-8"?>
<record
    xmlns:xsi="http://www.w3.org/2001/XMLSchema-instance"
    xsi:schemaLocation="http://www.loc.gov/MARC21/slim http://www.loc.gov/standards/marcxml/schema/MARC21slim.xsd"
    xmlns="http://www.loc.gov/MARC21/slim">

  <leader>01108nam0a2200265   4500</leader>
  <controlfield tag="001">RU\NLR\BIBL_A\016362436</controlfield>
  <controlfield tag="005">20250625054713.0</controlfield>
  <datafield tag="035" ind1=" " ind2=" ">
    <subfield code="a">(NLR Aleph) 016362436</subfield>
  </datafield>
  <datafield tag="090" ind1=" " ind2=" ">
    <subfield code="a">13155991</subfield>
    <subfield code="c">13155991</subfield>
  </datafield>
  <datafield tag="100" ind1=" " ind2=" ">
    <subfield code="a">20230504d1908    |||y0rusy50      ca</subfield>
  </datafield>
  <datafield tag="101" ind1="0" ind2=" ">
    <subfield code="a">rus</subfield>
  </datafield>
  <datafield tag="102" ind1=" " ind2=" ">
    <subfield code="a">RU</subfield>
  </datafield>
  <datafield tag="105" ind1=" " ind2=" ">
    <subfield code="a">ac  z   000zb</subfield>
  </datafield>
  <datafield tag="181" ind1=" " ind2="0">
    <subfield code="a">i </subfield>
    <subfield code="b">axxe  </subfield>
  </datafield>
  <datafield tag="182" ind1=" " ind2="0">
    <subfield code="a">n</subfield>
  </datafield>
  <datafield tag="200" ind1="1" ind2=" ">
    <subfield code="a">&#x42D;&#x43F;&#x438;&#x434;&#x435;&#x43C;&#x438;&#x44F; &#x445;&#x43E;&#x43B;&#x435;&#x440;&#x44B; &#x432; &#x433;. &#x421;&#x430;&#x43C;&#x430;&#x440;&#x435; &#x432; 1907 &#x433;&#x43E;&#x434;&#x443; &#x438; &#x431;&#x43E;&#x440;&#x44C;&#x431;&#x430; &#x441; &#x43D;&#x435;&#x439;</subfield>
    <subfield code="e">(&#x43E;&#x442;&#x447;&#x435;&#x442; &#x437;&#x430;&#x432;&#x435;&#x434;&#x443;&#x44E;&#x449;&#x435;&#x433;&#x43E; &#x412;&#x440;&#x435;&#x43C;&#x435;&#x43D;&#x43D;&#x44B;&#x43C; &#x433;&#x43E;&#x440;&#x43E;&#x434;&#x441;&#x43A;&#x438;&#x43C; &#x441;&#x430;&#x43D;&#x438;&#x442;&#x430;&#x440;&#x43D;&#x44B;&#x43C; &#x431;&#x44E;&#x440;&#x43E; &#x438; &#x443;&#x43F;&#x43E;&#x43B;&#x43D;&#x43E;&#x43C;&#x43E;&#x447;&#x435;&#x43D;&#x43D;&#x43E;&#x433;&#x43E; &#x413;&#x43E;&#x440;&#x43E;&#x434;&#x441;&#x43A;&#x43E;&#x439; &#x441;&#x430;&#x43D;&#x438;&#x442;&#x430;&#x440;&#x43D;&#x43E;-&#x438;&#x441;&#x43F;&#x43E;&#x43B;&#x43D;&#x438;&#x442;&#x435;&#x43B;&#x44C;&#x43D;&#x43E;&#x439; &#x43A;&#x43E;&#x43C;&#x438;&#x441;&#x441;&#x438;&#x438;)</subfield>
    <subfield code="f">&#x432;&#x440;&#x430;&#x447; &#x41C;. &#x41C;. &#x413;&#x440;&#x430;&#x43D;</subfield>
  </datafield>
  <datafield tag="203" ind1=" " ind2=" ">
    <subfield code="a">&#x422;&#x435;&#x43A;&#x441;&#x442;</subfield>
    <subfield code="b">&#x432;&#x438;&#x437;&#x443;&#x430;&#x43B;&#x44C;&#x43D;&#x44B;&#x439;</subfield>
    <subfield code="c">&#x43D;&#x435;&#x43F;&#x43E;&#x441;&#x440;&#x435;&#x434;&#x441;&#x442;&#x432;&#x435;&#x43D;&#x43D;&#x44B;&#x439;</subfield>
  </datafield>
  <datafield tag="210" ind1=" " ind2=" ">
    <subfield code="a">&#x41A;&#x430;&#x437;&#x430;&#x43D;&#x44C;</subfield>
    <subfield code="c">&#x422;&#x438;&#x43F;&#x43E;&#x433;&#x440;&#x430;&#x444;&#x438;&#x44F; &#x414;. &#x41C;. &#x413;&#x440;&#x430;&#x43D;</subfield>
    <subfield code="d">1908</subfield>
  </datafield>
  <datafield tag="215" ind1=" " ind2=" ">
    <subfield code="a">181 &#x441;.</subfield>
    <subfield code="c">&#x442;&#x430;&#x431;&#x43B;.</subfield>
    <subfield code="d">24</subfield>
  </datafield>
  <datafield tag="700" ind1=" " ind2="1">
    <subfield code="a">&#x413;&#x440;&#x430;&#x43D;</subfield>
    <subfield code="b">&#x41C;. &#x41C;.</subfield>
    <subfield code="f">1867-1940</subfield>
    <subfield code="g">&#x41C;&#x43E;&#x438;&#x441;&#x435;&#x439; &#x41C;&#x430;&#x440;&#x43A;&#x43E;&#x432;&#x438;&#x447;</subfield>
  </datafield>
  <datafield tag="852" ind1=" " ind2=" ">
    <subfield code="a">NLR</subfield>
    <subfield code="j">37.2.4.25</subfield>
  </datafield>
  <datafield tag="942" ind1=" " ind2=" ">
    <subfield code="c">BOOK</subfield>
  </datafield>
  <datafield tag="980" ind1=" " ind2=" ">
    <subfield code="a">NB</subfield>
  </datafield>
  <datafield tag="995" ind1=" " ind2=" ">
    <subfield code="5">2023-05-12</subfield>
    <subfield code="b">NLR02</subfield>
    <subfield code="c">NLR02</subfield>
    <subfield code="e">RFS</subfield>
    <subfield code="f">16362436-10</subfield>
    <subfield code="k">37.2.4.25</subfield>
    <subfield code="o">0</subfield>
    <subfield code="r">BOOK</subfield>
    <subfield code="s">372425_</subfield>
  </datafield>
</record>
